Countries Closest to Ireland - 15 Second Sprint - Statistics

General Stats
  • This quiz has been taken 151 times
  • The average score is 7 of 20
Answer Stats
km country miles % Correct
0 United Kingdom 0
98%
413 France 257
79%
861 Spain 535
72%
821 Germany 510
55%
1068 Iceland 664
55%
622 Belgium 386
53%
1036 Portugal 644
45%
668 Netherlands 415
40%
925 Denmark 575
36%
1177 Sweden 732
36%
839 Norway 521
30%
1212 Andorra 753
17%
881 Luxembourg 547
17%
1192 Italy 742
15%
1388 Monaco 862
11%
1088 Switzerland 676
6%
1281 Czechia 796
4%
1264 Liechtenstein 785
4%
1331 Poland 827
4%
1253 Austria 778
2%
No matching quizzes found
Score Distribution
Percent of People with Each Score
Percentile by Number Answered
Your Score History
You have not taken this quiz